000 00296nam a22001337a 4500
008 231025b ||||| |||| 00| 0 eng d
041 _aeng
080 _a574
082 _a574MAT
100 _a44
101 _aIAM
245 _aSOURCE BOOK IN GEOLOGY 1900-1950
_cMATHER .F.K
942 _2udc
_cBK
999 _c60460
_d60460